<?xml version="1.0" encoding="UTF-8"?>
<record
    xmlns:xsi="http://www.w3.org/2001/XMLSchema-instance"
    xsi:schemaLocation="http://www.loc.gov/MARC21/slim http://www.loc.gov/standards/marcxml/schema/MARC21slim.xsd"
    xmlns="http://www.loc.gov/MARC21/slim">

  <leader>00194nam a2200073Ia 4500</leader>
  <controlfield tag="008">170817s9999    xx            000 0 und d</controlfield>
  <datafield tag="100" ind1=" " ind2=" ">
    <subfield code="a">MANGAL S.K.</subfield>
  </datafield>
  <datafield tag="245" ind1=" " ind2="0">
    <subfield code="a">TEACHING &amp; PHYSICAL SCIENCES</subfield>
  </datafield>
  <datafield tag="260" ind1=" " ind2=" ">
    <subfield code="b">INTERNATIONAL PUB. MEERUT</subfield>
  </datafield>
  <datafield tag="999" ind1=" " ind2=" ">
    <subfield code="c">36539</subfield>
    <subfield code="d">36539</subfield>
  </datafield>
  <datafield tag="952" ind1=" " ind2=" ">
    <subfield code="0">0</subfield>
    <subfield code="1">0</subfield>
    <subfield code="2">ddc</subfield>
    <subfield code="4">0</subfield>
    <subfield code="7">0</subfield>
    <subfield code="a">07</subfield>
    <subfield code="b">07</subfield>
    <subfield code="d">2017-08-24</subfield>
    <subfield code="l">0</subfield>
    <subfield code="p">07-B-2548</subfield>
    <subfield code="r">2017-08-24</subfield>
    <subfield code="w">2017-08-24</subfield>
  </datafield>
  <datafield tag="952" ind1=" " ind2=" ">
    <subfield code="0">0</subfield>
    <subfield code="1">0</subfield>
    <subfield code="2">ddc</subfield>
    <subfield code="4">0</subfield>
    <subfield code="7">0</subfield>
    <subfield code="a">07</subfield>
    <subfield code="b">07</subfield>
    <subfield code="d">2017-08-24</subfield>
    <subfield code="l">0</subfield>
    <subfield code="p">07-B-2549</subfield>
    <subfield code="r">2017-08-24</subfield>
    <subfield code="w">2017-08-24</subfield>
  </datafield>
  <datafield tag="952" ind1=" " ind2=" ">
    <subfield code="0">0</subfield>
    <subfield code="1">0</subfield>
    <subfield code="2">ddc</subfield>
    <subfield code="4">0</subfield>
    <subfield code="7">0</subfield>
    <subfield code="a">07</subfield>
    <subfield code="b">07</subfield>
    <subfield code="d">2017-08-24</subfield>
    <subfield code="l">0</subfield>
    <subfield code="p">07-B-2550</subfield>
    <subfield code="r">2017-08-24</subfield>
    <subfield code="w">2017-08-24</subfield>
  </datafield>
  <datafield tag="952" ind1=" " ind2=" ">
    <subfield code="0">0</subfield>
    <subfield code="1">0</subfield>
    <subfield code="2">ddc</subfield>
    <subfield code="4">0</subfield>
    <subfield code="7">0</subfield>
    <subfield code="a">07</subfield>
    <subfield code="b">07</subfield>
    <subfield code="d">2017-08-24</subfield>
    <subfield code="l">0</subfield>
    <subfield code="p">07-B-2551</subfield>
    <subfield code="r">2017-08-24</subfield>
    <subfield code="w">2017-08-24</subfield>
  </datafield>
  <datafield tag="952" ind1=" " ind2=" ">
    <subfield code="0">0</subfield>
    <subfield code="1">0</subfield>
    <subfield code="2">ddc</subfield>
    <subfield code="4">0</subfield>
    <subfield code="7">0</subfield>
    <subfield code="a">07</subfield>
    <subfield code="b">07</subfield>
    <subfield code="d">2017-08-24</subfield>
    <subfield code="l">0</subfield>
    <subfield code="p">07-B-2552</subfield>
    <subfield code="r">2017-08-24</subfield>
    <subfield code="w">2017-08-24</subfield>
  </datafield>
  <datafield tag="952" ind1=" " ind2=" ">
    <subfield code="0">0</subfield>
    <subfield code="1">0</subfield>
    <subfield code="2">ddc</subfield>
    <subfield code="4">0</subfield>
    <subfield code="7">0</subfield>
    <subfield code="a">07</subfield>
    <subfield code="b">07</subfield>
    <subfield code="d">2017-08-24</subfield>
    <subfield code="l">0</subfield>
    <subfield code="p">07-B-2553</subfield>
    <subfield code="r">2017-08-24</subfield>
    <subfield code="w">2017-08-24</subfield>
  </datafield>
  <datafield tag="952" ind1=" " ind2=" ">
    <subfield code="0">0</subfield>
    <subfield code="1">0</subfield>
    <subfield code="2">ddc</subfield>
    <subfield code="4">0</subfield>
    <subfield code="7">0</subfield>
    <subfield code="a">07</subfield>
    <subfield code="b">07</subfield>
    <subfield code="d">2017-08-24</subfield>
    <subfield code="l">0</subfield>
    <subfield code="p">07-B-2554</subfield>
    <subfield code="r">2017-08-24</subfield>
    <subfield code="w">2017-08-24</subfield>
  </datafield>
  <datafield tag="952" ind1=" " ind2=" ">
    <subfield code="0">0</subfield>
    <subfield code="1">0</subfield>
    <subfield code="2">ddc</subfield>
    <subfield code="4">0</subfield>
    <subfield code="7">0</subfield>
    <subfield code="a">07</subfield>
    <subfield code="b">07</subfield>
    <subfield code="d">2017-08-24</subfield>
    <subfield code="l">0</subfield>
    <subfield code="p">07-B-2555</subfield>
    <subfield code="r">2017-08-24</subfield>
    <subfield code="w">2017-08-24</subfield>
  </datafield>
  <datafield tag="952" ind1=" " ind2=" ">
    <subfield code="0">0</subfield>
    <subfield code="1">0</subfield>
    <subfield code="2">ddc</subfield>
    <subfield code="4">0</subfield>
    <subfield code="7">0</subfield>
    <subfield code="a">07</subfield>
    <subfield code="b">07</subfield>
    <subfield code="d">2017-08-24</subfield>
    <subfield code="l">0</subfield>
    <subfield code="p">07-B-2556</subfield>
    <subfield code="r">2017-08-24</subfield>
    <subfield code="w">2017-08-24</subfield>
  </datafield>
  <datafield tag="952" ind1=" " ind2=" ">
    <subfield code="0">0</subfield>
    <subfield code="1">0</subfield>
    <subfield code="2">ddc</subfield>
    <subfield code="4">0</subfield>
    <subfield code="7">0</subfield>
    <subfield code="a">07</subfield>
    <subfield code="b">07</subfield>
    <subfield code="d">2017-08-24</subfield>
    <subfield code="l">0</subfield>
    <subfield code="p">07-B-2557</subfield>
    <subfield code="r">2017-08-24</subfield>
    <subfield code="w">2017-08-24</subfield>
  </datafield>
  <datafield tag="952" ind1=" " ind2=" ">
    <subfield code="0">0</subfield>
    <subfield code="1">0</subfield>
    <subfield code="2">ddc</subfield>
    <subfield code="4">0</subfield>
    <subfield code="7">0</subfield>
    <subfield code="a">07</subfield>
    <subfield code="b">07</subfield>
    <subfield code="d">2017-08-24</subfield>
    <subfield code="l">0</subfield>
    <subfield code="p">07-B-2558</subfield>
    <subfield code="r">2017-08-24</subfield>
    <subfield code="w">2017-08-24</subfield>
  </datafield>
  <datafield tag="952" ind1=" " ind2=" ">
    <subfield code="0">0</subfield>
    <subfield code="1">0</subfield>
    <subfield code="2">ddc</subfield>
    <subfield code="4">0</subfield>
    <subfield code="7">0</subfield>
    <subfield code="a">07</subfield>
    <subfield code="b">07</subfield>
    <subfield code="d">2017-08-24</subfield>
    <subfield code="l">0</subfield>
    <subfield code="p">07-B-2559</subfield>
    <subfield code="r">2017-08-24</subfield>
    <subfield code="w">2017-08-24</subfield>
  </datafield>
  <datafield tag="952" ind1=" " ind2=" ">
    <subfield code="0">0</subfield>
    <subfield code="1">0</subfield>
    <subfield code="2">ddc</subfield>
    <subfield code="4">0</subfield>
    <subfield code="7">0</subfield>
    <subfield code="a">07</subfield>
    <subfield code="b">07</subfield>
    <subfield code="d">2017-08-24</subfield>
    <subfield code="l">0</subfield>
    <subfield code="p">07-B-2560</subfield>
    <subfield code="r">2017-08-24</subfield>
    <subfield code="w">2017-08-24</subfield>
  </datafield>
  <datafield tag="952" ind1=" " ind2=" ">
    <subfield code="0">0</subfield>
    <subfield code="1">0</subfield>
    <subfield code="2">ddc</subfield>
    <subfield code="4">0</subfield>
    <subfield code="7">0</subfield>
    <subfield code="a">07</subfield>
    <subfield code="b">07</subfield>
    <subfield code="d">2017-08-24</subfield>
    <subfield code="l">0</subfield>
    <subfield code="p">07-B-2561</subfield>
    <subfield code="r">2017-08-24</subfield>
    <subfield code="w">2017-08-24</subfield>
  </datafield>
  <datafield tag="952" ind1=" " ind2=" ">
    <subfield code="0">0</subfield>
    <subfield code="1">0</subfield>
    <subfield code="2">ddc</subfield>
    <subfield code="4">0</subfield>
    <subfield code="7">0</subfield>
    <subfield code="a">07</subfield>
    <subfield code="b">07</subfield>
    <subfield code="d">2017-08-24</subfield>
    <subfield code="l">0</subfield>
    <subfield code="p">07-B-2562</subfield>
    <subfield code="r">2017-08-24</subfield>
    <subfield code="w">2017-08-24</subfield>
  </datafield>
  <datafield tag="952" ind1=" " ind2=" ">
    <subfield code="0">0</subfield>
    <subfield code="1">0</subfield>
    <subfield code="2">ddc</subfield>
    <subfield code="4">0</subfield>
    <subfield code="7">0</subfield>
    <subfield code="a">07</subfield>
    <subfield code="b">07</subfield>
    <subfield code="d">2017-08-24</subfield>
    <subfield code="l">0</subfield>
    <subfield code="p">07-B-2563</subfield>
    <subfield code="r">2017-08-24</subfield>
    <subfield code="w">2017-08-24</subfield>
  </datafield>
  <datafield tag="952" ind1=" " ind2=" ">
    <subfield code="0">0</subfield>
    <subfield code="1">0</subfield>
    <subfield code="2">ddc</subfield>
    <subfield code="4">0</subfield>
    <subfield code="7">0</subfield>
    <subfield code="a">07</subfield>
    <subfield code="b">07</subfield>
    <subfield code="d">2017-08-24</subfield>
    <subfield code="l">0</subfield>
    <subfield code="p">07-B-2564</subfield>
    <subfield code="r">2017-08-24</subfield>
    <subfield code="w">2017-08-24</subfield>
  </datafield>
  <datafield tag="952" ind1=" " ind2=" ">
    <subfield code="0">0</subfield>
    <subfield code="1">0</subfield>
    <subfield code="2">ddc</subfield>
    <subfield code="4">0</subfield>
    <subfield code="7">0</subfield>
    <subfield code="a">07</subfield>
    <subfield code="b">07</subfield>
    <subfield code="d">2017-08-24</subfield>
    <subfield code="l">0</subfield>
    <subfield code="p">07-B-2565</subfield>
    <subfield code="r">2017-08-24</subfield>
    <subfield code="w">2017-08-24</subfield>
  </datafield>
  <datafield tag="952" ind1=" " ind2=" ">
    <subfield code="0">0</subfield>
    <subfield code="1">0</subfield>
    <subfield code="2">ddc</subfield>
    <subfield code="4">0</subfield>
    <subfield code="7">0</subfield>
    <subfield code="a">07</subfield>
    <subfield code="b">07</subfield>
    <subfield code="d">2017-08-24</subfield>
    <subfield code="l">0</subfield>
    <subfield code="p">07-B-2566</subfield>
    <subfield code="r">2017-08-24</subfield>
    <subfield code="w">2017-08-24</subfield>
  </datafield>
  <datafield tag="952" ind1=" " ind2=" ">
    <subfield code="0">0</subfield>
    <subfield code="1">0</subfield>
    <subfield code="2">ddc</subfield>
    <subfield code="4">0</subfield>
    <subfield code="7">0</subfield>
    <subfield code="a">07</subfield>
    <subfield code="b">07</subfield>
    <subfield code="d">2017-08-24</subfield>
    <subfield code="l">0</subfield>
    <subfield code="p">07-B-2567</subfield>
    <subfield code="r">2017-08-24</subfield>
    <subfield code="w">2017-08-24</subfield>
  </datafield>
</record>
